LEADER 01471nam a2200265 i 4500 001 000000059217 003 CaOOAMICUS 005 20220610143150.0 008 121023s1994 it u000 u ita u 013 $a30389 020 $a88-13-18376-3 040 $aSeMil$bita 245 00$aBeni culturali ecclesiastici :$bsignificato, promozione, valorizzazione. Manuale per Studenti di Scuole Superiori e Operatori nel Patrimonio Storico-Artistico /$cConsulta per i beni culturali ecclesiastici delle Tre Venezie. Giunta Regionale del Veneto ; a cura di Claudio Bellinati. 264 1$aPadova :$bCEDAM,$c1994. 300 $aXIV, 127 p. ;$c24 cm. 650 4$aBeni culturali ecclesiastici - Conservazione, gestione, valorizzazione e tutela.$0(OLS)http://semarc/subject/19652 700 1 $aBellinati, Claudio,$d<1945- >.$0(OLS)http://semarc/name/5439 710 2 $aConsulta per i beni culturali ecclesiastici delle Tre Venezie.$0(OLS)http://semarc/name/30231 850 $aSeMil 852 $aSeMil$W1$xVenegono$y1$m2J V 19$j25370$B25370$CSeMilBibl$Z2$F25373 $81 961 $aOmaggio: Scuola Cattolica 996 $6020$a88-13-18376-3$9(OLS)http://semarc/number/35066 996 $6245$aBeni culturali ecclesiastici :$bsignificato, promozione, valorizzazione. Manuale per Studenti di Scuole Superiori e Operatori nel Patrimonio Storico-Artistico$9(OLS)http://semarc/title/92489 996 $6264$aPadova :$bCEDAM$9(OLS)http://semarc/publisher/30274 LEADER 01092nam a2200253 i 4500 001 000000087228 003 CaOOAMICUS 005 20250620151421.0 008 160831s1814 it u000 u ita u 013 $a59468 026 $aledi ai9. s.le stli (3) 1814 (A) 040 $aSeMil$bita 110 1 $aSpagna.$0(OLS)http://semarc/name/39941 245 10$aCostituzione politica della monarchia spagnuola promulgata in Cadice il 19 marzo 1812. 260 $aMilano :$bDai Tipi di Sonzogno e Compagni,$c1814. 300 $a93, [1] p. ;$c8°. 650 4$aSpagna - Costituzioni politiche.$0(OLS)http://semarc/subject/57926 710 2 $aSonzogno e C.$c.$0(OLS)http://semarc/name/11985 850 $aSeMil 852 $aSeMil$W1$xVenegono$y1$m3L III 167 FA$j50775$B50775$CSeMilBibl$Z2$F54827 $8I 941 1 $a10 996 $6245$aCostituzione politica della monarchia spagnuola promulgata in Cadice il 19 marzo 1812$9(OLS)http://semarc/title/133350 996 $6260$aMilano :$bDai Tipi di Sonzogno e Compagni$9(OLS)http://semarc/publisher/43498